000 01123nas a2200289 4500
001 BR2013007735
003 BR-BrBNA
005 20231205123004.0
007 ta
008 230509b bl.|||p| |||| 00| 00por d
040 _aBR-BrBNA
_bpor
_cBiblioteca Nacional de Agricultura
041 _a(Pt)
072 _aF03
100 1 _aRibeiro, L.F.
100 1 _aConde, L.O.M.
100 1 _aTabarelli, M.
245 1 _aPredação e remoção de sementes de cinco espécies de palmeiras por Guerlinguetus ingrami (Thomas, 1901)em um fragmento urbano de Floresta Atlântica Montana
246 1 _aPredation and removal of seeds from five species of palms by Guerlinguetus ingrami (Thomas, 1901)in an urban fragment of the montane atlantic forest
650 _aSEMENTE
650 _aROEDOR
650 _aDISPERSÃO DE SEMENTE
650 _aFLORESTA
773 0 _tRevista Árvore (Brazil)
_xISSN 0100-6762
_g(Jul-Aug 2010), v. 34(4) p. 637-649
_wBR2013007735
856 4 _uhttp://www.scielo.br/pdf/rarv/v34n4/v34n4a08.pdf
_yRecurso eletrônico (PDF)
909 _a202311
_bLúcia
_c55
_dLúcia Elande
942 _2AGRIS
_n0
_cANA
999 _c231635
_d231635